| 000 | 00544cam a2200193 4500 | ||
|---|---|---|---|
| 001 | BIIH003372 | ||
| 008 | 1993 spa | ||
| 020 | _a968-496-244-4 | ||
| 035 | _aBIIH003372 | ||
| 050 | 4 |
_aGN395 _bA57 1993 |
|
| 245 | 0 |
_aAntropología y ciudad / _cMargarita Estrada ... [et al.]. coords. |
|
| 260 |
_aMéxico : _bCIESAS, _c1993 |
||
| 300 |
_a337 p. ; _c21 cm. |
||
| 500 | _a2 ejemplares | ||
| 650 | 4 | _aAntropología urbana | |
| 700 | 1 |
_aNieto, Raúl, _ecoord. |
|
| 700 | 1 |
_aNivon Eduardo, _ecoord. |
|
| 942 |
_2lcc _cLIB |
||
| 999 |
_c64209 _d64209 |
||